| 000 | 00743nam a22001815i 4500 | ||
|---|---|---|---|
| 001 | 167419 | ||
| 003 | ES-MaACL | ||
| 005 | 20250717070801.0 | ||
| 008 | 960320s1883 sp |||| | spa d | ||
| 040 |
_aCLM _bspa _cCCPB | SIC |
||
| 100 | 1 |
_aVicuña, Gumersindo, _d1840-1890 _9114406 |
|
| 245 | 1 | 0 |
_aIntroducción a la teoría matemática de la electricidad / _cpor Gumersindo Vicuña. |
| 260 |
_aMadrid : _b[s.n.], _c1883 ( _fImprenta y Litografia de la Guirnalda) |
||
| 300 |
_a90 p. ; _c29 cm. |
||
| 650 | 7 |
_aElectricidad _2embne _912159 |
|
| 852 |
_aES-MaACL _jT-502-F-7 _z-- Enc. hol., conservando la enc. original _z-- An. ms.: Ded del autor a la Biblioteca del Ateneo _z-- Enc. en un vol. facticio |
||
| 999 |
_c167419 _d167419 |
||